[Event ""]
[Site ""]
[Date "????.??.??"]
[Round "3"]
[White "Ìóëåíêî Àëåêñàíäð"]
[Black "Ãâàíöåëàäçå Àííà"]
[Result "0-1"]
[WhiteElo "2201"]
[BlackElo "2017"]
[Annotator ""]
[Source ""]
[Remark ""]

1.Nf3 Nf6 2.d4 g6 3.g3 Bg7 4.Bg2 O-O 5.O-O d6 6.a4 Nbd7 7.a5
c6 8.Nc3 e5 9.e4 Ne8 10.Re1 Kh8 11.h3 Qe7 12.Be3 f5 13.Qd2 fxe4
14.Nxe4 d5 15.Nc3 e4 16.Nh2 Nd6 17.b3 Nf5 18.Ne2 Nxe3 19.fxe3
Nf6 20.c4 Be6 21.Rac1 Rac8 22.Nf4 Bd7 23.h4 Qd6 24.Rc2 Nh5 25.Nxh5
gxh5 26.Nf1 Rf6 27.cxd5 cxd5 28.Rxc8+ Bxc8 29.Rc1 Bd7 30.Qc3
Bh6 31.Qc7 Bc6 32.Qxd6 Rxd6 33.Rc3 Rf6 34.Rc2 Kg7 35.Rf2 Bb5
36.Rxf6 Kxf6 37.Kf2 Ke7 38.Bh3 Bd7 39.Bxd7 Kxd7 40.g4 Bf8 41.gxh5
Bd6 42.Ng3 Kc6 43.Nf5 Bf8 44.Ke2 Kb5 45.Kd2 Kxa5 46.Kc2 Kb5 47.Kc3
Kc6 48.Ng3 a5 49.Kc2 Be7 50.Nf5 Bf6 51.h6 Kd7 52.h5 Bg5 53.Kd2
Ke6 54.Ng7+ Kd7 55.Nf5 b6 56.Ke2 Ke6 57.Ng7+ Kf6 58.Kd2 Bxh6
59.Ne8+ Ke7 60.Nc7 Kd6 61.Ne8+ Kc6 62.Nf6 b5 63.Nxh7 a4 64.bxa4
bxa4 65.Nf6 a3 66.Kc3 Bxe3 67.Ng4 Bxd4+ 68.Kb3 e3 0-1

[Event ""]
[Site ""]
[Date "????.??.??"]
[Round "3"]
[White "Áðóÿöêèé Åâãåíèé"]
[Black "Ñóäàðåâ Îëåã"]
[Result "1-0"]
[WhiteElo "2168"]
[BlackElo "2009"]
[Annotator ""]
[Source ""]
[Remark ""]

1.d4 e6 2.e4 d5 3.Nc3 Nf6 4.e5 Nfd7 5.Nf3 c5 6.Be3 Nc6 7.dxc5
Bxc5 8.Bxc5 Nxc5 9.Bb5 O-O 10.O-O Qc7 11.Re1 Nd7 12.Bd3 h6 13.Nb5
Qb8 14.Qe2 a6 15.Nbd4 Nxd4 16.Nxd4 b5 17.c3 Nc5 18.Rad1 Bd7 19.Bb1
b4 20.Qc2 g6 21.Qd2 Kg7 22.cxb4 Na4 23.b3 Nb6 24.a4 Nc8 25.Qf4
f5 26.Rc1 Ne7 27.Bd3 g5 28.Qd2 Ng6 29.b5 Nxe5 30.bxa6 Nxd3 31.Qxd3
Qd6 32.Nb5 Qb6 33.Qc3+ Kg6 34.Qc7 Qxc7 35.Rxc7 Rf7 36.Nd6 Rg7
37.a7 Kf6 38.Rec1 Re7 39.f3 e5 40.Nb5 Bxb5 41.axb5 Rxa7 42.b6
Rb7 43.R1c6+ Kf7 44.Rxb7 Rxb7 45.Rc7+ 1-0

[Event ""]
[Site ""]
[Date "????.??.??"]
[Round "3"]
[White "Ãëîäÿí Äìèòðèé"]
[Black "Ïðîõîðîâ Ñåðãåé"]
[Result "0-1"]
[WhiteElo "2020"]
[BlackElo "2168"]
[Annotator ""]
[Source ""]
[Remark ""]

1.Nf3 d5 2.c4 c6 3.b3 Nf6 4.g3 Bf5 5.Bg2 e6 6.Bb2 h6 7.O-O Nbd7
8.d3 Be7 9.Nbd2 O-O 10.a3 a5 11.Qc2 Bh7 12.Bc3 b5 13.cxb5 cxb5
14.b4 a4 15.Qb2 Qb6 16.Ne5 Nxe5 17.Bxe5 Rfc8 18.Rac1 Qb7 19.h3
Ne8 20.f4 Rxc1 21.Rxc1 Rc8 22.Nf3 Bd8 23.Bd4 Nd6 24.Rxc8 Qxc8
25.Bxg7 Nf5 26.Bh8 Bb6+ 27.Kh2 d4 28.Bxd4 Nxd4 29.Nxd4 Bxd4 30.Qxd4
Qc1 31.e4 Qxa3 32.g4 Qc1 33.Qf6 a3 34.g5 hxg5 35.fxg5 Bg6 36.h4
a2 37.h5 a1Q 0-1

[Event ""]
[Site ""]
[Date "????.??.??"]
[Round "3"]
[White "Çûçëîâà Ñîôèÿ"]
[Black "Ìàëûãèí Àëåêñàíäð"]
[Result "0-1"]
[WhiteElo "2012"]
[BlackElo "2164"]
[Annotator ""]
[Source ""]
[Remark ""]

1.c4 e5 2.Nc3 d6 3.d3 g6 4.g3 Bg7 5.Bg2 f5 6.Nf3 Nf6 7.O-O O-O
8.Bd2 Nc6 9.Rb1 Nh5 10.b4 f4 11.b5 Ne7 12.Qb3 Kh8 13.a4 c6 14.bxc6
bxc6 15.Qa3 a5 16.Ne4 d5 17.cxd5 cxd5 18.Nd6 Ba6 19.g4 e4 20.Ng5
Kg8 21.gxh5 Be5 22.Ne6 Qd7 23.Nxf8 Rxf8 24.Nxe4 dxe4 25.Qb3+
Rf7 26.hxg6 hxg6 27.Bc3 Bc7 28.f3 e3 29.Ba1 Nd5 30.Rfc1 Bc8 31.Qb5
Qf5 32.Rc5 Be6 33.Qe8+ Rf8 34.Qc6 Bd8 35.Rb7 Bf6 36.Bxf6 Qxf6
37.Rxd5 Rc8 38.Qd6 Rc1+ 39.Bf1 Rxf1+ 40.Kxf1 Bh3+ 0-1

[Event ""]
[Site ""]
[Date "????.??.??"]
[Round "3"]
[White "Øóëàêîâà Ñâåòëàíà"]
[Black "Äåìåíòüåâ Îëåã"]
[Result "1-0"]
[WhiteElo "2158"]
[BlackElo "1991"]
[Annotator ""]
[Source ""]
[Remark ""]

1.d4 d5 2.c4 c6 3.cxd5 cxd5 4.Bf4 Nc6 5.e3 Qb6 6.Qd2 Nf6 7.Nc3
Bd7 8.Bd3 e6 9.Nf3 Nh5 10.Be5 Nb4 11.Be2 Nf6 12.Bxf6 gxf6 13.O-O
Be7 14.a3 Nc6 15.b4 Qd8 16.e4 dxe4 17.Nxe4 f5 18.Nc5 Bxc5 19.dxc5
Qf6 20.b5 Ne7 21.Rfd1 Rd8 22.Qd4 Qxd4 23.Rxd4 Nd5 24.Bc4 Ke7
25.Bxd5 exd5 26.Rb1 Be6 27.Ra4 Ra8 28.Nd4 Rhc8 29.c6 b6 30.f4
Kd6 31.Rc1 Rc7 32.Kf2 a5 1-0

[Event ""]
[Site ""]
[Date "????.??.??"]
[Round "3"]
[White "Äàãàåâ Äìèòðèé"]
[Black "Ëàãàøèí Ïàâåë"]
[Result "1/2-1/2"]
[WhiteElo "2156"]
[BlackElo "1986"]
[Annotator ""]
[Source ""]
[Remark ""]

1.e4 e5 2.Nf3 Nf6 3.Nxe5 d6 4.Nf3 Nxe4 5.d4 d5 6.Bd3 Nc6 7.O-O
Be7 8.Re1 Bg4 9.Bxe4 dxe4 10.Rxe4 Bxf3 11.Qxf3 Nxd4 12.Qd1 Ne6
13.Re1 O-O 14.Be3 Bf6 15.c3 b5 16.Qb3 a6 17.Nd2 Qd3 18.Rad1 Rfd8
19.Nf3 Qf5 20.Rxd8+ Rxd8 21.Rd1 c5 22.h3 Nf4 23.Rxd8+ Bxd8 24.Bxf4
Qxf4 25.Qd5 Be7 26.Ne5 Qc1+ 27.Kh2 Qf4+ 1/2-1/2

[Event ""]
[Site ""]
[Date "????.??.??"]
[Round "3"]
[White "Ñîòíèêîâ Ìàêñèì"]
[Black "Ãàíè÷åâ Àëåêñàíäð"]
[Result "1/2-1/2"]
[WhiteElo "1979"]
[BlackElo "2154"]
[Annotator ""]
[Source ""]
[Remark ""]

1.e4 c5 2.Nf3 d6 3.d4 cxd4 4.Nxd4 Nf6 5.Bd3 e6 6.Nc3 Be7 7.Be3
O-O 8.Qe2 a6 9.g4 b5 10.a3 Bb7 11.h4 Nc6 12.f4 Nd7 13.O-O-O Qa5
14.Nb3 Qc7 15.g5 b4 16.axb4 Nxb4 17.Rhg1 a5 18.g6 a4 19.gxh7+
Kh8 20.Nb5 Qb8 21.N3d4 Nxd3+ 22.cxd3 Rc8+ 23.Kd2 Ba6 24.Qh5 Rf8
25.Nc6 Qxb5 26.Qxb5 Bxb5 27.Nxe7 Rae8 28.Rg5 1/2-1/2

[Event ""]
[Site ""]
[Date "????.??.??"]
[Round "3"]
[White "Áëîõèíà Ýëüâèðà"]
[Black "Áàðàíîâ Ðîìàí"]
[Result "1-0"]
[WhiteElo "1962"]
[BlackElo "1962"]
[Annotator ""]
[Source ""]
[Remark ""]

1.d4 Nf6 2.c4 g6 3.Nc3 Bg7 4.e4 d6 5.Nf3 O-O 6.Be2 e5 7.O-O Nc6
8.d5 Ne7 9.Ne1 Ne8 10.f3 f5 11.g4 c6 12.Nd3 cxd5 13.cxd5 Kh8
14.Be3 Ng8 15.Qd2 Bd7 16.Rac1 Bf6 17.Kg2 f4 18.Bf2 Bh4 19.Qe1
Bxf2 20.Qxf2 Nh6 21.Rc2 Ng7 22.Rfc1 Bxg4 23.fxg4 f3+ 24.Bxf3
Nxg4 25.Qe2 Nf6 26.Qe3 a6 27.Ne2 Nfe8 28.Bg4 Nf6 29.Bh3 g5 30.Qxg5
Nxe4 31.Qxd8 Raxd8 32.Rc8 Nf6 33.Rxd8 Rxd8 34.Nc3 Ngh5 35.Kf3
Rf8 36.Ke3 Kg7 37.Be6 Kh6 38.Ne4 Ng7 39.Nxf6 Rxf6 40.Bc8 Rf7
41.Nf2 Re7 42.Ne4 Ne8 43.Rc3 Nc7 44.Rd3 Ne8 45.Rb3 Nc7 46.Bxb7
Nb5 47.Bxa6 1-0

[Event ""]
[Site ""]
[Date "????.??.??"]
[Round "3"]
[White "Ïîëîíîâñêèé Ãðèãîðèé"]
[Black "Äìèòðèåâ Âàëåðèé"]
[Result "1-0"]
[WhiteElo "2141"]
[BlackElo "1952"]
[Annotator ""]
[Source ""]
[Remark ""]

1.e4 g6 2.d4 Bg7 3.Nc3 d6 4.f4 a6 5.Nf3 Nd7 6.a4 e6 7.Be3 Ngf6
8.Be2 Ng4 9.Bc1 c5 10.d5 Bxc3+ 11.bxc3 exd5 12.Ng5 Ngf6 13.exd5
h6 14.Nf3 O-O 15.O-O Re8 16.c4 Ne4 17.Ra3 f5 18.Bb2 Ndf6 19.Re1
Bd7 20.a5 b6 21.axb6 Qxb6 22.Qa1 Kf7 23.Bd3 Reb8 24.Rb3 Qd8 25.Ne5+
dxe5 26.fxe5 Rxb3 27.cxb3 Ng4 28.e6+ Kg8 29.Bxe4 fxe4 30.h3 Nf2
31.Kxf2 Qc7 32.Kg1 Be8 33.Bf6 Qg3 34.Rxe4 Qxb3 35.Qe5 Qb1+ 36.Kh2
Qb8 37.d6 Bc6 38.e7 Qe8 39.Rf4 Kh7 40.Bg7 Bb7 41.Bf8 1-0

[Event ""]
[Site ""]
[Date "????.??.??"]
[Round "3"]
[White "Ëàçàðåâ Àíàòîëèé"]
[Black "ßíîâñêàÿ Îëåñÿ"]
[Result "1-0"]
[WhiteElo "2133"]
[BlackElo "1935"]
[Annotator ""]
[Source ""]
[Remark ""]

1.d4 Nf6 2.Nf3 g6 3.c4 c5 4.g3 cxd4 5.Nxd4 Nc6 6.Bg2 Qb6 7.Nc2
Bg7 8.O-O O-O 9.Nc3 d6 10.h3 Qc5 11.b3 Qh5 12.h4 Ng4 13.Bb2 g5
14.f3 Nf6 15.hxg5 Qxg5 16.Kf2 Nh5 17.Ne4 Qg6 18.Bxg7 Kxg7 19.g4
Nf4 20.Rg1 Nd4 21.Qd2 Nxg2 22.Rxg2 Kh8 23.Rh1 Bxg4 24.Ng5 h6
25.fxg4 Rg8 26.Nf3 1-0

[Event ""]
[Site ""]
[Date "????.??.??"]
[Round "3"]
[White "Àðáóçîâ Èâàí"]
[Black "Äåðÿáèíà Ñâåòëàíà"]
[Result "0-1"]
[WhiteElo "1802"]
[BlackElo "2133"]
[Annotator ""]
[Source ""]
[Remark ""]

1.e4 c5 2.c3 e5 3.Bc4 Nf6 4.d3 Be7 5.Nf3 Nc6 6.O-O O-O 7.Re1
d6 8.h3 Na5 9.a4 Nxc4 10.dxc4 Be6 11.b3 a6 12.Qc2 Ne8 13.Na3
f5 14.b4 Qc7 15.Bb2 g6 16.Nd2 Ng7 17.Kh2 Rf7 18.g3 Raf8 19.Re2
fxe4 20.Nxe4 Bf5 21.Kg2 Ne6 22.f3 Ng5 23.h4 Nxe4 24.fxe4 Bg4
25.Ree1 Qd7 26.Re3 Bh3+ 27.Kg1 Qg4 28.Qe2 Rf3 29.Rxf3 Rxf3 30.Kh1
Rf1+ 31.Qxf1 Bxf1 32.Rxf1 Qxe4+ 33.Kg1 Qg4 0-1

[Event ""]
[Site ""]
[Date "????.??.??"]
[Round "3"]
[White "Íîâèöêèé Ëåîíèä"]
[Black "Íèêèòèí Àëåêñàíäð"]
[Result "1-0"]
[WhiteElo "2113"]
[BlackElo "1932"]
[Annotator ""]
[Source ""]
[Remark ""]

1.Nf3 d5 2.g3 c6 3.Bg2 Bg4 4.h3 Bxf3 5.Bxf3 Nf6 6.d3 e6 7.O-O
Bd6 8.e4 dxe4 9.dxe4 Qc7 10.Qe2 Nbd7 11.Be3 O-O 12.Nd2 Bc5 13.Bg2
Rad8 14.Bxc5 Nxc5 15.e5 Nfd7 16.f4 f6 17.exf6 Rxf6 18.Rae1 Re8
19.Nc4 b5 20.Ne5 Qb6 21.Kh2 Nxe5 22.Qxe5 Nd7 23.Qd6 Nb8 24.Re5
Rd8 25.Qe7 Qd4 26.Rxe6 Rd7 27.Qe8+ Rf8 28.Qh5 Qxb2 29.Be4 g5
30.Qg4 Rg7 31.Rd1 Qc3 32.h4 c5 33.Re5 Qe3 34.Bd5+ 1-0

[Event ""]
[Site ""]
[Date "????.??.??"]
[Round "3"]
[White "Óëÿøåâ Íèêîëàé"]
[Black "Ãàðãîëèí Ïàâåë"]
[Result "1-0"]
[WhiteElo "1716"]
[BlackElo "2111"]
[Annotator ""]
[Source ""]
[Remark ""]

1.e4 e5 2.Nf3 Nf6 3.Nxe5 d6 4.Nf3 Nxe4 5.Nc3 Nxc3 6.bxc3 Be7
7.d4 Nd7 8.Bd3 O-O 9.O-O Nb6 10.h3 d5 11.Ne5 f6 12.Qh5 f5 13.Re1
c5 14.Ba3 Na4 15.c4 Be6 16.cxd5 Bxd5 17.Bxf5 g6 18.Nxg6 Rxf5
19.Nxe7+ Qxe7 20.Qxf5 1-0

[Event ""]
[Site ""]
[Date "????.??.??"]
[Round "3"]
[White "Õîáîòîâà Îëåñÿ"]
[Black "Àíèñèìîâ Íèêîëàé"]
[Result "0-1"]
[WhiteElo "1931"]
[BlackElo "2257"]
[Annotator ""]
[Source ""]
[Remark ""]

1.e4 c5 2.Nc3 Nc6 3.g3 g6 4.Bg2 Bg7 5.d3 d6 6.Nge2 Nf6 7.O-O
O-O 8.f4 e6 9.h3 Ne8 10.g4 f5 11.Ng3 fxg4 12.Qxg4 Nd4 13.Qd1
Qh4 14.Nce2 e5 15.Nxd4 cxd4 16.Ne2 Bxh3 17.Qe1 Qxe1 18.Rxe1 Bxg2
19.Kxg2 Rc8 20.c4 dxc3 21.bxc3 exf4 22.Bxf4 Bxc3 23.Rac1 Rc6
24.Rh1 Bb4 25.Rb1 Rc2 26.Rxb4 Rxf4 27.Re1 Rf7 28.a4 Ng7 29.Kg1
Ne6 30.a5 Ng5 31.Nd4 Ra2 32.Rb5 Nh3+ 33.Kh1 Rff2 34.Ne2 Rfxe2
35.Rxe2 Rxe2 36.Rxb7 Nf2+ 37.Kg1 Nxd3 38.Rxa7 Rxe4 39.Rd7 Ra4
40.Rxd6 Nc5 0-1

[Event ""]
[Site ""]
[Date "????.??.??"]
[Round "3"]
[White "Ïèùóðèíà Åêàòåðèíà"]
[Black "Æóðàâëåâ Àëåêñàíäð"]
[Result "0-1"]
[WhiteElo "1902"]
[BlackElo "2118"]
[Annotator ""]
[Source ""]
[Remark ""]

1.e4 e6 2.d4 d5 3.Nc3 Bb4 4.e5 b6 5.a3 Bxc3+ 6.bxc3 Ba6 7.Bxa6
Nxa6 8.Qg4 g6 9.h4 h5 10.Qg3 Qd7 11.Bg5 Nb8 12.Ne2 Nc6 13.Qd3
Nge7 14.Bf6 Rg8 15.g4 O-O-O 16.gxh5 gxh5 17.Nf4 Kb7 18.Nxh5 Rc8
19.Bg5 Rh8 20.Nf6 Qd8 21.Nh7 Qg8 22.Nf6 Qxg5 23.h5 Nxe5 0-1

[Event ""]
[Site ""]
[Date "????.??.??"]
[Round "3"]
[White "Ðàêîâ Ìèõàèë"]
[Black "Ñìèðíîâ Íèêîëàé"]
[Result "1-0"]
[WhiteElo "1912"]
[BlackElo "2083"]
[Annotator ""]
[Source ""]
[Remark ""]

1.d4 d5 2.Nf3 Nf6 3.g3 g6 4.Bg2 Bg7 5.O-O O-O 6.c4 c6 7.Nc3 Nbd7
8.Ne5 dxc4 9.Nxc4 Nb6 10.Ne5 Nfd7 11.f4 Nxe5 12.dxe5 Be6 13.b3
Qc7 14.e4 Rad8 15.Qc2 Rfe8 16.Bb2 Bc8 17.Rad1 Nd7 18.Rd2 Nc5
19.Rxd8 Rxd8 20.Rd1 Ne6 21.Na4 b5 22.Rxd8+ Qxd8 23.Nc3 Qb6+ 24.Qf2
Qc7 25.Ne2 a6 26.Ba3 c5 27.f5 Nd4 28.Nxd4 cxd4 29.f6 Bf8 30.Qxd4
exf6 31.Bxf8 fxe5 32.Qc5 Qd8 33.Bd6 Be6 34.Bxe5 Qd1+ 35.Bf1 Bh3
36.Qf2 Qc1 37.Bd4 Kf8 38.Qf4 Qd1 39.Qh6+ Ke8 40.Qxh3 Qxd4+ 41.Kh1
Qxe4+ 42.Qg2 Qe6 43.Qe2 1-0

[Event ""]
[Site ""]
[Date "????.??.??"]
[Round "3"]
[White "Äåðáåíöåâà Èðèíà"]
[Black "Èâàíîâ Ãëåá"]
[Result "1-0"]
[WhiteElo "2053"]
[BlackElo "1923"]
[Annotator ""]
[Source ""]
[Remark ""]

1.e4 c5 2.Nf3 d6 3.d4 cxd4 4.Nxd4 Nf6 5.Nc3 g6 6.Bg5 Bg7 7.Qd2
Nc6 8.Nb3 h6 9.Bh4 Be6 10.Be2 Ng4 11.f4 Nf6 12.h3 d5 13.e5 Ne4
14.Nxe4 dxe4 15.O-O-O Qb6 16.Bg4 Bxg4 17.hxg4 Rd8 18.Qe2 Qb4
19.Rxd8+ Kxd8 20.a3 Qb6 21.Bf2 Qc7 22.Qxe4 e6 23.Nd4 Kc8 24.Nb5 1-0

[Event ""]
[Site ""]
[Date "????.??.??"]
[Round "3"]
[White "Þãèíà Ìàðèÿ"]
[Black "Àëèåâà Íóðëàíà"]
[Result "1-0"]
[WhiteElo "2005"]
[BlackElo "1873"]
[Annotator ""]
[Source ""]
[Remark ""]

1.d4 c5 2.e3 cxd4 3.exd4 d5 4.Bd3 Nc6 5.c3 Nf6 6.h3 e6 7.Nf3
Bd6 8.O-O Bd7 9.Re1 Qc7 10.Nbd2 h6 11.c4 g5 12.cxd5 Nxd5 13.Nc4
O-O-O 14.Nxd6+ Qxd6 15.Ne5 Rdf8 16.b4 Rhg8 17.Nc4 Qc7 18.b5 Nxd4
19.Ba3 Bxb5 20.Bxf8 Rxf8 21.Ne5 1-0

[Event ""]
[Site ""]
[Date "????.??.??"]
[Round "3"]
[White "Ïÿòíèöûí Ìàêñèì"]
[Black "Ñèìàãèí Ìàêñèì"]
[Result "1/2-1/2"]
[WhiteElo "1857"]
[BlackElo "1997"]
[Annotator ""]
[Source ""]
[Remark ""]

1.e4 e6 2.d4 d5 3.e5 c5 4.c3 Nc6 5.Nf3 Qb6 6.a3 c4 7.Nbd2 Na5
8.g3 Bd7 9.h4 O-O-O 10.Bh3 Kb8 11.O-O Be7 12.Ne1 h5 13.Qf3 Be8
14.Qf4 Ka8 15.Nef3 Nh6 16.Re1 Ba4 17.Ng5 Rdf8 18.Qf3 g6 19.Qe2
Bxg5 20.hxg5 Ng8 21.Kg2 Ne7 22.g4 Nb3 23.Nxb3 Bxb3 24.gxh5 Rxh5
25.Bg4 Rh4 26.Bf4 Qd8 27.Bg3 Rh7 28.Qd2 Rfh8 29.Rh1 Rxh1 30.Rxh1
Rxh1 31.Kxh1 Qh8+ 32.Kg2 Nf5 33.Qc1 1/2-1/2

[Event ""]
[Site ""]
[Date "????.??.??"]
[Round "3"]
[White "Èíÿêèíà Èëèíà"]
[Black "Ëîøàêîâ Äìèòðèé"]
[Result "0-1"]
[WhiteElo "1820"]
[BlackElo "2001"]
[Annotator ""]
[Source ""]
[Remark ""]

1.d4 Nf6 2.Nf3 c5 3.e3 g6 4.Bd3 Bg7 5.c3 b6 6.Nbd2 Bb7 7.O-O
O-O 8.Re1 cxd4 9.exd4 d5 10.Ne5 Nc6 11.Ndf3 Nd7 12.Nxc6 Bxc6
13.Bf4 e6 14.Qd2 Qe7 15.Bh6 Rfb8 16.Bxg7 Kxg7 17.Qe2 b5 18.Ne5
Nxe5 19.Qxe5+ Qf6 20.a3 a5 21.Qxf6+ Kxf6 22.Rac1 Bd7 23.f4 b4
24.axb4 axb4 25.Re2 bxc3 26.bxc3 Ra3 27.Re3 Rb2 28.Re2 Rbb3 29.Rec2
Ba4 30.g3 Rb6 31.Rd2 Rbb3 32.Rdc2 Ke7 33.Bf1 h5 34.Kf2 Kf6 35.Be2
g5 36.Bxh5 gxf4 37.gxf4 Rb8 38.Re2 Rh8 39.Bf3 Bb5 40.Rb2 Rxh2+
41.Bg2 Bd3 42.Kg3 Rh8 43.Kf2 Rc8 44.Ke3 Raxc3 45.Rxc3 Rxc3 46.Kd2
Ra3 47.Ke1 Bg6 48.Kf2 Kf5 0-1

[Event ""]
[Site ""]
[Date "????.??.??"]
[Round "3"]
[White "Áàëòèí Èëüäàð"]
[Black "Êàìàøåâà Ýëüâèðà"]
[Result "0-1"]
[WhiteElo "1802"]
[BlackElo "1973"]
[Annotator ""]
[Source ""]
[Remark ""]

1.d4 Nf6 2.Nf3 g6 3.g3 Bg7 4.Bg2 O-O 5.Nbd2 d6 6.O-O Nbd7 7.e4
c6 8.b3 Qc7 9.Bb2 b5 10.c4 bxc4 11.bxc4 Rb8 12.Qc2 Ba6 13.Rfe1
c5 14.d5 Ng4 15.Bxg7 Kxg7 16.Qc3+ Kg8 17.Rab1 Rb6 18.Rxb6 axb6
19.Bf1 Ra8 20.Rb1 Bc8 21.a3 Ra5 22.Be2 Nge5 0-1

[Event ""]
[Site ""]
[Date "????.??.??"]
[Round "3"]
[White "Áî÷êîâ Àðòåì"]
[Black "Êîâàëåâ Åâãåíèé"]
[Result "0-1"]
[WhiteElo "1969"]
[BlackElo "1830"]
[Annotator ""]
[Source ""]
[Remark ""]

1.e4 c5 2.Nf3 d6 3.d4 cxd4 4.Nxd4 Nf6 5.Nc3 a6 6.Be3 e5 7.Nb3
Be7 8.f3 Be6 9.Qd2 O-O 10.O-O-O a5 11.Qf2 Nbd7 12.a4 b6 13.Nd5
Nxd5 14.exd5 Bf5 15.g4 Bg6 16.h4 Rc8 17.Rd2 h6 18.Qh2 Nf6 19.c3
Nd7 20.g5 h5 21.Bb5 Nc5 22.Bxc5 bxc5 23.Rg2 Bf5 24.f4 Be4 25.Rd1
Bxg2 26.Qxg2 exf4 27.Qe4 Ra8 28.Bd3 g6 29.Qxf4 Kg7 30.Re1 Re8
31.Bb5 Bxg5 32.hxg5 Rxe1+ 0-1

[Event ""]
[Site ""]
[Date "????.??.??"]
[Round "3"]
[White "Êàðàòàåâ Îëåã"]
[Black "Êîëåñíèêîâ Ëåâ"]
[Result "1-0"]
[WhiteElo "1932"]
[BlackElo "1819"]
[Annotator ""]
[Source ""]
[Remark ""]

1.d4 c5 2.c3 e6 3.Nf3 d5 4.Bf4 Nc6 5.e3 Nf6 6.Nbd2 a6 7.a4 b6
8.Bd3 Be7 9.Ne5 Bb7 10.h3 O-O 11.Ndf3 Ne4 12.Nxc6 Bxc6 13.Ne5
Bb7 14.Qg4 f5 15.Qe2 c4 16.Bc2 Qe8 17.g4 Bh4 18.Bxe4 fxe4 19.g5
h6 20.gxh6 g5 21.Rg1 Kh7 22.Bg3 Bxg3 23.Rxg3 Kxh6 24.Kd2 Rf5
25.h4 Qf8 26.hxg5+ Kg7 27.Rf1 Qh8 28.Qg4 Raf8 29.Ke2 Qh2 30.Rg2
Qh7 31.g6 Qh5 32.Qxh5 Rxh5 33.f4 b5 34.Rg5 Rh2+ 35.Rf2 Rfh8 36.f5
Rxf2+ 37.Kxf2 Rh2+ 38.Kg1 Rxb2 39.fxe6 Kf6 40.g7 Rb1+ 1-0

[Event ""]
[Site ""]
[Date "????.??.??"]
[Round "3"]
[White "Êóòóåâà Íàòàëèÿ"]
[Black "Øìàðèíà Äàðüÿ"]
[Result "1-0"]
[WhiteElo "1925"]
[BlackElo "1757"]
[Annotator ""]
[Source ""]
[Remark ""]

1.d4 Nf6 2.Nf3 c5 3.d5 d6 4.Nc3 e5 5.e4 g6 6.Bd3 Bg7 7.O-O O-O
8.Nd2 Nh5 9.Nc4 Nf6 10.f4 Bg4 11.Qe1 Qc7 12.f5 Bh5 13.h3 Nbd7
14.g4 Bxg4 15.hxg4 Nxg4 16.Qg3 Ngf6 17.Qh4 Kh8 18.Bg5 Rg8 19.fxg6
fxg6 20.Nb5 a6 21.Nxc7 b5 1-0

[Event ""]
[Site ""]
[Date "????.??.??"]
[Round "3"]
[White "Ñåðãèåíêî Àíòîí"]
[Black "Ôèëîíåíêî Åëåíà"]
[Result "1/2-1/2"]
[WhiteElo "1902"]
[BlackElo "1559"]
[Annotator ""]
[Source ""]
[Remark ""]

1.d4 Nf6 2.c4 g6 3.g3 Bg7 4.Bg2 O-O 5.Nc3 d6 6.Nf3 c6 7.O-O Nbd7
8.h3 e5 9.e4 Ne8 10.Be3 f5 11.dxe5 Nxe5 12.Nxe5 Bxe5 13.exf5
Bxf5 14.Bd4 Qf6 15.Bxe5 dxe5 16.Qb3 Qf7 17.f4 Bd3 18.Rf3 Bxc4
19.Qb4 a5 20.Qc5 e4 21.Nxe4 Qd5 22.Rc3 Qxc5+ 23.Nxc5 Ba6 24.Re1
Nd6 25.Nxa6 Rxa6 26.Ra3 Nf5 27.Kh2 Rb6 28.b3 Rb4 29.Re4 Rxe4
30.Bxe4 Rf6 1/2-1/2

[Event ""]
[Site ""]
[Date "????.??.??"]
[Round "4"]
[White "Áðàãèí Àëåêñàíäð"]
[Black "Äîáðîâ Âëàäèìèð"]
[Result "1-0"]
[WhiteElo "2396"]
[BlackElo "2519"]
[Annotator ""]
[Source ""]
[Remark ""]

1.e4 c5 2.Nf3 d6 3.d4 cxd4 4.Nxd4 Nf6 5.Nc3 a6 6.Bc4 e6 7.Bb3
Nbd7 8.f4 Nc5 9.Qf3 b5 10.f5 e5 11.Nc6 Qc7 12.Nb4 Nxb3 13.axb3
Bb7 14.Bg5 a5 15.Nbd5 Nxd5 16.Nxd5 Bxd5 17.exd5 h6 18.Bh4 Qxc2
19.O-O Qc7 20.Rac1 Qa7+ 21.Kh1 Be7 22.f6 gxf6 23.Bxf6 Rg8 24.Bxe5
Bg5 25.Bxd6 Bxc1 26.Re1+ Kd7 27.Qxf7+ Kxd6 28.Qe6+ Kc5 29.Rxc1+
Kd4 1-0

[Event ""]
[Site ""]
[Date "????.??.??"]
[Round "4"]
[White "Çàáîòèí Àëåêñàíäð"]
[Black "Òóìàêîâ Äìèòðèé"]
[Result "1-0"]
[WhiteElo "2491"]
[BlackElo "2312"]
[Annotator ""]
[Source ""]
[Remark ""]

1.d4 Nf6 2.c4 g6 3.Nc3 Bg7 4.e4 d6 5.Nf3 O-O 6.Be2 Nbd7 7.O-O
e5 8.Re1 Re8 9.Bf1 exd4 10.Nxd4 Nc5 11.f3 Ne6 12.Be3 Nxd4 13.Bxd4
Be6 14.Qd2 Nd7 15.Bxg7 Kxg7 16.f4 f5 17.exf5 Bxf5 18.Rxe8 Qxe8
19.Re1 Qd8 20.Nd5 c6 21.Qd4+ Kg8 22.Ne7+ Kf7 23.Nxf5 gxf5 24.Qxd6
Nf6 25.Qe6+ Kg6 26.Kh1 Qe8 27.Qxe8+ Rxe8 28.Rxe8 Nxe8 29.Kg1
c5 30.Bd3 h5 31.g3 b6 32.Kg2 Ng7 33.Kh3 Ne6 34.Be2 Ng7 35.Kh4
Kh6 36.h3 Kg6 37.a3 Kh6 38.Bd3 a6 39.Be2 Kg6 40.Bf3 Kh6 41.Bb7
a5 42.Bf3 Kg6 43.Bd1 Kh6 44.Bc2 Kg6 45.g4 hxg4 46.hxg4 Kf6 47.Bxf5 1-0

[Event ""]
[Site ""]
[Date "????.??.??"]
[Round "4"]
[White "Àëåøèí Îëåã"]
[Black "Ãóáàéäóëëèí Àëåêñåé"]
[Result "0-1"]
[WhiteElo "2374"]
[BlackElo "2441"]
[Annotator ""]
[Source ""]
[Remark ""]

1.e4 c5 2.Nf3 g6 3.d4 Bg7 4.dxc5 Qa5+ 5.c3 Qxc5 6.Be3 Qc7 7.Bd4
Nf6 8.e5 Nh5 9.Qd2 f6 10.exf6 Nxf6 11.Na3 Nc6 12.Nb5 Qb8 13.Be3
O-O 14.Bc4+ Kh8 15.Bh6 a6 16.Nbd4 d5 17.Be2 e5 18.Bxg7+ Kxg7
19.Nb3 Qa7 20.O-O Bf5 21.Rae1 Rad8 22.Nh4 Bc8 23.Bd1 e4 24.Kh1
d4 25.cxd4 Nxd4 26.Qe3 Nc6 27.Qxa7 Nxa7 28.g3 Nc6 29.Bc2 Rfe8
30.Ng2 Nb4 31.Bb1 Nd3 32.Re2 Bg4 33.Rd2 Bf3 34.Kg1 Ng4 35.Bxd3
exd3 36.Re1 Ne5 37.Re3 Bc6 38.Rd1 Nf3+ 39.Kh1 d2 40.Nf4 Nd4+
41.Kg1 Nxb3 42.axb3 Rxe3 43.fxe3 Bf3 44.Ne6+ Kf6 45.Nxd8 Bxd1 0-1

[Event ""]
[Site ""]
[Date "????.??.??"]
[Round "4"]
[White "Ìèøèí Àëåêñåé"]
[Black "Ðîä÷åíêîâ Âèòàëèé"]
[Result "0-1"]
[WhiteElo "2285"]
[BlackElo "2414"]
[Annotator ""]
[Source ""]
[Remark ""]

1.e4 c5 2.c3 Nf6 3.e5 Nd5 4.Nf3 Nc6 5.Bc4 Nb6 6.Bb3 g6 7.d4 cxd4
8.cxd4 Bg7 9.O-O O-O 10.Nc3 d6 11.exd6 Qxd6 12.Nb5 Qd8 13.Bf4
Bg4 14.d5 Ne5 15.Re1 Nbd7 16.Rc1 Qb6 17.Nc7 Bxf3 18.gxf3 Qf6
19.Re4 Rad8 20.d6 e6 21.Rc3 g5 22.Bg3 Kh8 23.f4 Ng6 24.fxg5 Qxg5
25.h4 Qf5 26.Bc2 Bxc3 27.bxc3 Qc5 28.h5 Nge5 29.Qe2 Rg8 30.Kh2
Rxg3 31.fxg3 Qxd6 32.Nb5 Qc5 33.Rd4 Rg8 34.Nd6 Qc6 35.Qf2 Qf3
36.Nxf7+ Kg7 37.h6+ Kf8 0-1

[Event ""]
[Site ""]
[Date "????.??.??"]
[Round "4"]
[White "Ëàâðèê Äìèòðèé"]
[Black "Ðàêîâ Àíàòîëèé"]
[Result "1-0"]
[WhiteElo "2387"]
[BlackElo "2074"]
[Annotator ""]
[Source ""]
[Remark ""]

1.e4 d5 2.exd5 Qxd5 3.Nf3 Nf6 4.c4 Qe4+ 5.Be2 Qg6 6.O-O Bh3 7.Nh4
Qg5 8.Qb3 Bc8 9.Nf3 Qa5 10.d4 c6 11.Nc3 Qb6 12.Qc2 Bg4 13.Be3
Qc7 14.h3 Bh5 15.d5 Nbd7 16.Rad1 Bg6 17.Qa4 Ne4 18.Nxe4 Bxe4
19.Ng5 Bg6 20.c5 a6 21.dxc6 bxc6 22.Rxd7 Qxd7 23.Rd1 Qc7 24.Bf4
e5 25.Bxe5 Qxe5 26.Qxc6+ Ke7 27.Rd7+ 1-0

[Event ""]
[Site ""]
[Date "????.??.??"]
[Round "4"]
[White "Êàðëñîí Âëàäèëåí"]
[Black "Øàðàôèåâ Àçàò"]
[Result "0-1"]
[WhiteElo "2227"]
[BlackElo "2418"]
[Annotator ""]
[Source ""]
[Remark ""]

1.e4 c5 2.Nf3 e6 3.d4 cxd4 4.Nxd4 Nc6 5.Nc3 a6 6.g3 d6 7.Bg2
Be7 8.O-O Bd7 9.Kh1 Nf6 10.f4 O-O 11.f5 Rc8 12.Be3 Ne5 13.Bg1
b5 14.Nce2 Nc6 15.fxe6 fxe6 16.Nxc6 Rxc6 17.Nd4 Rc4 18.b3 Rc7
19.Qe2 Qc8 20.e5 dxe5 21.Qxe5 Rc5 22.Qe2 e5 23.b4 Rc4 24.Qxe5
Bxb4 25.Rad1 Kh8 26.Qg5 Rc5 27.Qc1 Bg4 28.Rd3 Bh3 29.Bxh3 Qxh3
30.a3 Ba5 31.Nb3 Rxc2 32.Rxf6 Qg2# 0-1

[Event ""]
[Site ""]
[Date "????.??.??"]
[Round "4"]
[White "Ãðàíîâñêèé Àëåêñàíäð"]
[Black "Ñåìåíåíêî Ñåðãåé"]
[Result "1/2-1/2"]
[WhiteElo "2356"]
[BlackElo "2173"]
[Annotator ""]
[Source ""]
[Remark ""]

1.e4 c5 2.Ne2 d6 3.g3 Nc6 4.Bg2 g6 5.c3 e5 6.d4 Bg7 7.Be3 b6
8.O-O Nge7 9.a4 O-O 10.d5 Nb8 11.b4 a5 12.bxc5 bxc5 13.Qd2 Nd7
14.Bh6 Nb6 15.Bxg7 Kxg7 16.Na3 Ba6 17.f4 f6 18.fxe5 fxe5 19.Rxf8
Qxf8 20.Nb5 Bxb5 21.axb5 Qe8 22.Rb1 Ng8 23.Qd3 c4 24.Qe3 Qd8
25.Bh3 Qc7 26.Be6 Nf6 27.Re1 Qc5 28.Qxc5 dxc5 29.Nc1 Rf8 30.d6
Rd8 1/2-1/2

[Event ""]
[Site ""]
[Date "????.??.??"]
[Round "4"]
[White "Ãàëèåâ Àçàò"]
[Black "Îêðóãèí Ñåðãåé"]
[Result "1/2-1/2"]
[WhiteElo "2200"]
[BlackElo "2354"]
[Annotator ""]
[Source ""]
[Remark ""]

1.e4 c5 2.Nf3 e6 3.c4 Nc6 4.Nc3 Nf6 5.Be2 d5 6.exd5 exd5 7.d4
cxd4 8.Nxd4 dxc4 9.Nxc6 Qxd1+ 10.Nxd1 bxc6 11.Bxc4 Bb4+ 12.Bd2
a5 13.Nc3 O-O 14.O-O-O Ng4 15.Be1 a4 16.Ne4 Be7 17.Be2 Be6 18.h3
Nf6 19.Nc3 Nd5 20.a3 Bf6 21.Ne4 Be5 22.Nc5 Rfb8 23.Nd3 Bf6 24.g4
Rb3 25.Kc2 Bd4 26.Rb1 f5 27.Bd2 Rab8 28.Rhe1 Bc8 29.Nb4 Bb7 30.Bc3
Bxc3 31.bxc3 Rxc3+ 32.Kd2 Rb3 33.Rxb3 axb3 34.Bc4 fxg4 35.hxg4
b2 36.Kc2 Rf8 37.Kxb2 Rxf2+ 38.Kb3 Rf3+ 39.Ka4 Kf8 40.Bxd5 cxd5 1/2-1/2